Tratado de Patología General y Anatomía Patológica / (Record no. 126852)

MARC details
000 -LEADER
campo de control de longitud fija 00667nam a2200181 4500
001 - NÚMERO DE CONTROL
campo de control 126852
003 - IDENTIFICADOR DE NÚMERO DE CONTROL
campo de control ES-MaACL
007 - CAMPO FIJO DE DESCRIPCIÓN FÍSICA--INFORMACIÓN GENERAL
campo de control de longitud fija t|
008 - DATOS DE LONGITUD FIJA--INFORMACIÓN GENERAL
campo de control de longitud fija 070214s1933 sp r ||||1| spa d
100 1# - ENTRADA PRINCIPAL--NOMBRE DE PERSONA
Nombre de persona Ribbert, Hugo.
9 (RLIN) 96742
245 10 - MENCIÓN DEL TÍTULO
Título Tratado de Patología General y Anatomía Patológica /
Mención de responsabilidad, etc. iniciado por el Prof. H. Ribbert ; edición completamente reformada por Carl Sterbeng ; traducido de la 2ª edición alemana por el Dr. Francisco Piñero.
250 ## - MENCION DE EDICION
Mención de edición 2ª ed.
260 ## - PUBLICACIÓN, DISTRIBUCIÓN, ETC.
Lugar de publicación, distribución, etc. Madrid :
Nombre del editor, distribuidor, etc. Labor,
Fecha de publicación, distribución, etc. 1933.
300 ## - DESCRIPCIÓN FÍSICA
Extensión XVI, 708 p. :
Otras características físicas il. ;
Dimensiones 25 x 17 cm.
700 1# - ENTRADA AGREGADA--NOMBRE PERSONAL
Nombre de persona Sternberg, Carl.
9 (RLIN) 108133
700 1# - ENTRADA AGREGADA--NOMBRE PERSONAL
Nombre de persona Piñero, Francisco.
9 (RLIN) 92274
852 ## - LOCALIZACIÓN
Ubicación ES-MaACL
Número de control de estantería E-1682
Holdings
Estatus retirado Estado de pérdida Estado de daño No para préstamo Biblioteca de origen Biblioteca actual Ubicación en estantería Fecha de adquisición Fuente de adquisición Total de préstamos Signatura topográfica completa Código de barras Visto por última vez Precio de reemplazo Tipo de ítem Koha
        Biblioteca del Ateneo de Madrid Biblioteca del Ateneo de Madrid Depósito 2 17/01/2008     E-1682 1132126 23/02/2023 23/02/2023 Libro impreso